000
00330nam a2200133Ia 4500
008
240624s9999 xx 000 0 und d
041
_a
eng
082
_a
658.812 RAO
100
_a
RAO AJIT
245
_a
LITTLE BOOK OF BIG CUSTOMER SATISFACTION
260
_c
2012
_a
New Delhi
_b
Sage India
300
_a
226 : p.
365
_c
RS
_b
40
999
_c
22405
_d
22405